Atlas de Zoologia (Registo nº 1307)
[ vista simples ]
| 000 -Etiqueta do registo | |
|---|---|
| Cabeçalho | 00548nam0a2200229 4500 |
| 005 - Identificador da versão | |
| Campo de controlo | 20240813121832.0 |
| 010 ## - Número internacional normalizado dos livros (ISBN) | |
| Número (ISBN) | 9789726505945 |
| 021 ## - Número do Depósito Legal | |
| Código do país | PT |
| 100 ## - Dados gerais de processamento | |
| Dados gerais de processamento | 20120105d20012007a y0pory5003 ba |
| 102 ## - Pais de publicação ou produção | |
| País de publicação | Portugal |
| 101 1# - Língua de publicação | |
| Língua do texto, banda sonora, etc. | Português |
| Língua do documento no original | Espanhol |
| 106 ## - Campo de dados codificados: material textual | |
| Dados codificados do material textual | r |
| 105 ## - Campo de dados codificados: livros | |
| Dados codificados dos livros | a z 001yy |
| 215 ## - Descrição física | |
| Indicação específica da natureza do documento e extensão da espécie | 96 p. |
| Outras indicações físicas | il. |
| 200 1# - Titulo e menção de responsabilidade | |
| Título próprio | Atlas de Zoologia |
| Outras menções de responsabilidade | trad. Ana Paula Carneiro |
| 210 ## - Publicação, Distribuição, etc. | |
| Lugar da edição, distribuição, etc. | Lisboa |
| Nome do editor, distribuidor, etc. | Didáctica Editora |
| Data da publicação, distribuição, etc. | 2007 |
| 304 ## - Notas relativas a título e menção de responsabilidade | |
| Texto da nota | Tít. orig.: Atlas de Zoología |
| 966 ## - Identificação da Biblioteca | |
| Sigla | NUMETECA |
| 942 ## - Elementos de entrada adicionados (Koha) | |
| Tipo de item no Koha | Livro |
| Situação do levantamento | Origin of item (home branch) (coded) | Biblioteca de empréstimo | Código de barras | Cota | Circulation type (not for loan) | Tipo de documento | Nota do exemplar | Damaged status |
|---|---|---|---|---|---|---|---|---|
| Biblioteca Escolar Eng. Nuno Mergulhão | Biblioteca Escolar Eng. Nuno Mergulhão | BENM3179 | 2007 | 59 ZOO | Livro | Sem mensagem |
